Normal view MARC view
  • MATHUR, RIYA AND UDDIN, DR. REHAN

Entry Personal Name

Number of records used in: 1

001 - CONTROL NUMBER

  • control field: 8794

003 - CONTROL NUMBER IDENTIFIER

  • control field: JRU

005 - DATE AND TIME OF LATEST TRANSACTION

  • control field: 20251124110747.0

008 - FIXED-LENGTH DATA ELEMENTS

  • fixed length control field: 251124|| aca||aabn | a|a d

040 ## - CATALOGING SOURCE

  • Original cataloging agency: JRU
  • Transcribing agency: JRU

100 ## - HEADING--PERSONAL NAME

  • Personal name: MATHUR, RIYA AND UDDIN, DR. REHAN

670 ## - SOURCE DATA FOUND

  • Source citation: Work cat.: (JRU)8971: MATHUR, RIYA AND UDDIN, DR. REHAN, PHARMACEUTICAL INORGANIC CHEMISTRY FOR THE STUDENTS OF B. PHARMA [ 1ST YAER-1 SEM] , 2025